| 000 | 00732nam a2200229 a 4500 | ||
|---|---|---|---|
| 001 | 000011747 | ||
| 005 | 20240530073912.0 | ||
| 008 | 091027s2005 pr 000 p spa d | ||
| 020 | _a1932271430 | ||
| 040 |
_aDO-SdBNP _bspa _cBNPHU |
||
| 082 |
_aRD863.44 _bA577h |
||
| 100 | 1 |
_aAndújar, Rey Enmanuel _d1977- _927807 |
|
| 245 | 1 | 3 |
_aEl hombre triángulo / _cRey Enmanuel Andújar. |
| 260 |
_aSan Juan : _bIsla Negra, _c2005. |
||
| 300 |
_a66 p. ; _c22 cm. |
||
| 490 | 1 | _aLa montaña del papel | |
| 500 | _aIncluye datos biográficos del autor en la solapa de la cubierta del documento. | ||
| 650 | 0 |
_aNovela dominicana _9223 |
|
| 650 | 0 |
_aLiteratura dominicana. _967 |
|
| 830 | 0 |
_aLa montaña del papel _927808 |
|
| 049 | _aBNPD | ||
| 999 |
_c11422 _d11422 |
||